Captain America - Portrayals by Picture - Statistics

General Stats
  • This quiz has been taken 10 times
  • The average score is 4 of 22
Answer Stats
Picture Answer % Correct
Chris Evans
100%
Anthony Mackie
88%
Adrian Pasdar
13%
Brian Bloom
13%
Brian Bloom
13%
David Hayter
13%
David Hayter
13%
George DiCenzo
13%
Kazuhiro Nakaya / Roger Craig Smith
13%
Reb Brown
13%
Roger Craig Smith
13%
Roger Craig Smith
13%
Roger Craig Smith
13%
Roger Craig Smith / Josh Cowdery
13%
Sandy Becker
13%
Tom Kenny
13%
Aytekin Akkaya
0%
Dan Chameroy
0%
Dick Purcell
0%
Justin Gross
0%
Lawrence Bayne
0%
Matt Salinger
0%
No matching quizzes found
Score Distribution
Percent of People with Each Score
Percentile by Number Answered
Your Score History
You have not taken this quiz